What's New Scooby-Doo? Monsters - Statistics

General Stats
  • This quiz has been taken 42 times
  • The average score is 21 of 55
Answer Stats
Picture Answer % Correct
Possessed Mystery Machine
85%
30-Foot Shaggy
77%
Evil Shaggy
73%
Mummy of Pharaoh Scamses XV
73%
Dragon
69%
Glasburgh Dragon
69%
Evil Daphne
65%
Evil Fred
65%
Evil Velma
65%
Evil Scooby-Doo
62%
Snow Creature
62%
Dinosaur Spirit
58%
Gargoyle
58%
Vampire
58%
Centaur
54%
Cat Creature
50%
San Franpsycho
50%
Scooby Snack Monster
50%
The Roller Ghoster
50%
Menacing Metallic Clown
46%
Coral Creature
42%
Ghost of Caleb Leland
42%
Ghost of Jed Leland
42%
Scarecrows
42%
Invisible Madman
38%
Headless Snowman
35%
Space Ape
35%
Dogbot
31%
Osomons
31%
Fish Creature
27%
Ghost of Rufus Raucous
27%
Jeeves
27%
Motoshondu
27%
Wakumi
27%
Zombie Gladiator
27%
Baseball Specter
23%
Creepy Keeper
23%
Gold Monster
23%
Gusano Grande
23%
Titanic Twist
23%
Toxic Terror
23%
Annabel Action Figure
19%
Caesar Saladicus
19%
Faceless Phantom
19%
Frozen Fiend
19%
Ghost of Hank Banning
19%
Jungle Demons
19%
Robot Bandits
19%
Cold Steel
15%
Demon Farmer
15%
Rama Yam
15%
Shari
15%
Spaceman Swinton
15%
Swamp Creature
15%
Skeleton Driver
12%
No matching quizzes found
Score Distribution
Percent of People with Each Score
Percentile by Number Answered
Your Score History
You have not taken this quiz